000
00210nam a2200085Ia 4500
008
120527s9999 xx 000 0 und d
100
_a
Bernhard, A.
245
_a
The structure and function of Enzymes
942
_c
BK
999
_c
27283
_d
27283